01125nam a2200301Ia 4500001001200000003000800012006001900020007001500039008004100054020001800095020001800113020001500131040002100146035002100167050002500188100001400213245009400227260004800321300002400369504005000393533015200443650001400595650002700609655002900636710001700665856012600682999001500808ebr10698785CaPaEBRm o u cr cn|||||||||070206s2008 njua sb 000 0 eng d z9789812704580 z9789812790842 z9812704582 aCaPaEBRcCaPaEBR a(OCoLC)69662952514aQA303.2b.L56 2008eb1 aLin, Qun.10aFree calculush[electronic resource] :ba liberation from concepts and proofs /cQun Lin. aHackensack, NJ :bWorld Scientific,cc2008. axvii, 90 p. :bill. aIncludes bibliographic references (p. 89-90). aElectronic reproduction.bPalo Alto, Calif. :cebrary,d2013.nAvailable via World Wide Web.nAccess may be limited to ebrary affiliated libraries. 0aCalculus. 0aMathematical analysis. 7aElectronic books.2local2 aebrary, Inc.40uhttp://site.ebrary.com/lib/rucke/Doc?id=10698785zAn electronic book accessible through the World Wide Web; click to view c6051d6051